000 00305nam a22001337a 4500
008 171215b xxu||||| |||| 00| 0 eng d
020 _a1882912012
041 _aeng
080 _a038
100 _a23
101 _aFJA
245 _aDICTIONARY OF BUSINESS & FINANCE TERMS
_cOLDHAM,G,E
942 _2udc
_cBK
999 _c39047
_d39047